Staroveké kultúry Blízkeho východu /
Enregistré dans:
| Auteur principal: | |
|---|---|
| Format: | Livre |
| Langue: | slovaque |
| Publié: |
Bratislava :
Pallas,
1971
|
| Édition: | 1. vydanie |
| Collection: | Umenie sveta
|
| Sujets: | |
| Tags: |
Pas de tags, Soyez le premier à ajouter un tag!
|
MARC
| LEADER | 00000nam a22000003a 4500 | ||
|---|---|---|---|
| 001 | 0082743 | ||
| 003 | SK-STU | ||
| 005 | 20200807112034.4 | ||
| 007 | ta | ||
| 008 | 200807s ----xo-----e------000-0-----d | ||
| 040 | |a STU |b slo | ||
| 041 | 0 | |a slo | |
| 044 | |a xo | ||
| 100 | 1 | |a Garbini, Giovanni |4 aut | |
| 245 | 1 | 0 | |a Staroveké kultúry Blízkeho východu / |c aut. Giovanni Garbini |
| 250 | |a 1. vydanie | ||
| 260 | |a Bratislava : |b Pallas, |c 1971 | ||
| 300 | |a 189 s., |b 200 reprodukcií, 102 farebných | ||
| 490 | 0 | |a Umenie sveta | |
| 500 | |a Architektúra, plastika, nástenná maľba, pečate, rezba do slonoviny, keramika | ||
| 650 | 0 | 7 | |a staroveká architektúra |
| 650 | 0 | 7 | |a Mezopotámia |
| 650 | 0 | 7 | |a Egypt |
| 650 | 0 | 7 | |a plastika |
| 650 | 0 | 7 | |a nástenná maľba |
| 650 | 0 | 7 | |a pečate |
| 650 | 0 | 7 | |a keramika |
| 996 | |b 284AU08446 |c A* 11706/U |l AAKNAR |s A |a 24 |w 0082743_0001 | ||